01365nam a2200265 a 4500003000400000005001700004008004100021040001400062082002000076111010900096245012700205246004900332250002200381264009000403300001800493336002700511337002700538338002800565500032200593650002600915650002300941650004400964650004001008710005101048OSt20240405144829.0240403s2023 mx a|||| |||| 001 0 spa d cCHAPerda00222a338.19bF721 aForo Nacional Seguridad Alimentaria y Cambio Climáticon(d7 y 8 de junio, 2022 :cCiudad de México)10aMemoria del Foro Nacional Seguridad Alimentaria y Cambio Climático /cpor Secretaria de Agricultura y Desarrollo Rural .04aSeguridad Alimentaria y Cambio Climático / aPrimera edición 1aCiudad de Mexico :bSecretaria de Agricultura y Desarrollo Rural (Agricultura)c2023. a63 páginas. 2rdacontentatextobtxt 2rdamediaasin mediobn 2rdacarrieravolumenbnc a"En esta memoria copila los resúmenes de las participaciones de las y los ponentes en los diferentes bloques del Foro, Asimismo, contiene los enlaces a la plataforma YouTube para tener acceso a los videos que permiten visualizar las exposiciones de los participantes y las dinámicas realizadas con el público." 4aSeguridad alimentaria 4aCambio climático 4aAbastecimiento de alimentosxMéxico  4aAgricultura x Aspectos ambientales aSecretaría de Agricultura y Desarrollo Rural